Paris ou Marseille ? - Statistiques

Statistiques générales
  • Ce quiz a été pris 61 fois
  • Le résultat moyen est 7 sur 10
Statistiques - réponses
Question Réponse % Correct
Quelle ville abrite l'Arc de Triomphe ? Paris
100%
Quel est la ville la plus visitée de France ? Paris
98%
Quelle ville est surnommée "La cité Phocéenne" Marseille
96%
Quelle est la ville qui possède le plus de monuments en France ? Paris
96%
Quelle ville abrite le Parlement Européen Aucune des deux villes
77%
Où a été écrite la marseillaise ? Aucune des deux villes
75%
Quelle ville abrite le plus grand port de toute la Méditerranée ? Marseille
62%
Quelle ville possède le plus de stations-essence au monde ? Aucune des deux villes
53%
Quelle ville garde les pigeons voyageurs de l'Armée Française ? Paris
38%
Quelle est la ville la plus ancienne de France ? Aucune des deux villes
23%
Aucun quiz correspondant
Distribution des résultats
% des personnes avec chaque résultat
Percentile par nombre de réponses
Votre historique - résultats
Vous n’avez pas pris ce quiz